Quick Pick: Tales of Beedle the Bard Quiz Stats

 Plays Quiz Updated Aug 15, 2017

Score 0/5 Timer 00:30
2 Plays Today
% Correct
The Tale of the Three Brothers
87.2%
Babbitty Rabbitty and her Cackling Stump
80.5%
The Wizard and the Hopping Pot
75.4%
The Fountain of Fair Fortune
59.4%
The Warlock's Hairy Heart
52.5%

Today's Daily Dose

You're not logged in!

Compare scores with friends on all Sporcle quizzes.
OR
Log In

You Might Also Like...

Show Comments

Extras

Top Quizzes Today


Score Distribution

Your Account Isn't Verified!

In order to create a playlist on Sporcle, you need to verify the email address you used during registration. Go to your Sporcle Settings to finish the process.

Report this User

Report this user for behavior that violates our Community Guidelines.

Details: